[Event "GBR-ch110 Major Open"]
[Site "Hull"]
[Date "2024.08.01"]
[Round "6.49"]
[White "Roul, Tushar"]
[Black "Hu, Junyan"]
[Result "1/2-1/2"]
[WhiteElo "1783"]
[BlackElo "1617"]
[PlyCount "105"]
[EventDate "2024.07.27"]
[EventType "swiss"]
[EventRounds "9"]
[EventCountry "GBR"]
[SourceTitle "BritBase"]
[Source "John Saunders"]
[SourceDate "2025.02.20"]
[SourceVersion "1"]
[SourceVersionDate "2025.02.20"]
[SourceQuality "1"]

1. e4 c5 2. Nf3 e6 3. g3 Nc6 4. Bg2 d5 5. exd5 exd5 6. d4 c4 7. O-O Be7 8. c3 Bf5 9. Re1 Nf6 10. Bg5 O-O 11. Ne5 h6 12. Bxf6 Bxf6 13. f4 Ne7 14. Nd2 Rb8 15. Ng4 Nc6 16. Ne3 Ne7 17. Qf3 Qb6 18. Nxd5 Nxd5 19. Nxc4 Qa6 20. Ne5 Nb6 21. a4 Be6 22. a5 Nc4 23. d5 Bc8 24. b3 Bxe5 25. fxe5 Nxa5 26. b4 Qb6+ 27. Kh1 Nc4 28. Qe4 Qc7 29. d6 Nxd6 30. exd6 Qxd6 31. Rxa7 Qf6 32. Qd4 Qxd4 33. cxd4 Rd8 34. d5 Kf8 35. Kg1 Rd6 36. Kf2 Bd7 37. Re3 Be8 38. Ke2 Rb6 39. Re4 Rd6 40. Rd4 Bb5+ 41. Kd2 Ba6 42. Be4 g6 43. Bd3 Bxd3 44. Kxd3 b5 45. Rc7 h5 46. Rc6 Rxc6 47. dxc6 Rc8 48. Rd5 Rxc6 49. Rxb5 Ke7 50. Rc5 Rd6+ 51. Kc4 Rd2 52. b5 Rb2 53. Rc7+ 1/2-1/2

[Event "GBR-ch110 Major Open"]
[Site "Hull"]
[Date "2024.08.01"]
[Round "6.50"]
[White "Sinclair, Colin"]
[Black "Buffard, Julien"]
[Result "0-1"]
[WhiteElo "1783"]
[BlackElo "1665"]
[PlyCount "90"]
[EventDate "2024.07.27"]
[EventType "swiss"]
[EventRounds "9"]
[EventCountry "GBR"]
[SourceTitle "BritBase"]
[Source "John Saunders"]
[SourceDate "2025.02.20"]
[SourceVersion "1"]
[SourceVersionDate "2025.02.20"]
[SourceQuality "1"]

1. b3 e5 2. Bb2 Nc6 3. e3 d5 4. Bb5 Nge7 5. Bxe5 a6 6. Bxc6+ Nxc6 7. Bb2 Qg5 8. Nf3 Qxg2 9. Rg1 Qh3 10. d4 Bg4 11. Nbd2 O-O-O 12. Qe2 Nb4 13. Rg3 Bxf3 14. Nxf3 Qf5 15. Kd1 f6 16. c3 Nd3 17. Bc1 Nxc1 18. Kxc1 g5 19. b4 Bd6 20. Rg1 b5 21. a4 c6 22. h4 Rdg8 23. h5 g4 24. Ne1 Qxh5 25. axb5 axb5 26. Ra7 Bc7 27. Kb2 Qf5 28. Ng2 Qf3 29. Qc2 h5 30. Nh4 Qe4 31. Kb3 Qxc2+ 32. Kxc2 Kd7 33. Kd3 f5 34. f4 g3 35. Rg2 Rg4 36. Nxf5 h4 37. Ra1 Ke6 38. Nxh4 Rhxh4 39. Rag1 Rh3 40. Ke2 Rh2 41. Kf3 Rxg2 42. Rxg2 Kf5 43. Rxg3 Rxg3+ 44. Kxg3 Ke4 45. Kf2 Kd3 0-1

[Event "GBR-ch110 Major Open"]
[Site "Hull"]
[Date "2024.08.01"]
[Round "6.51"]
[White "Cawston, M John"]
[Black "Guarnieri, Federico"]
[Result "0-1"]
[WhiteElo "1776"]
[BlackElo "1572"]
[PlyCount "138"]
[EventDate "2024.07.27"]
[EventType "swiss"]
[EventRounds "9"]
[EventCountry "GBR"]
[SourceTitle "BritBase"]
[Source "John Saunders"]
[SourceDate "2025.02.20"]
[SourceVersion "1"]
[SourceVersionDate "2025.02.20"]
[SourceQuality "1"]

1. d4 d5 2. c4 c6 3. Nf3 Nf6 4. Qc2 dxc4 5. Qxc4 Bf5 6. Nc3 e6 7. g3 Be7 8. Bg2 O-O 9. O-O Nbd7 10. Bf4 Qb6 11. Nh4 Bg6 12. Nxg6 hxg6 13. Rab1 Nd5 14. Bd2 Bf6 15. e4 Nc7 16. Be3 Qa5 17. b4 Qh5 18. a4 Nb6 19. Qb3 Rad8 20. Rfd1 e5 21. d5 cxd5 22. Nxd5 Nbxd5 23. exd5 b6 24. Rbc1 Rd7 25. a5 bxa5 26. bxa5 a6 27. Qb6 Rfd8 28. Rxc7 Qxd1+ 29. Bf1 Rxd5 30. Rc1 Qa4 31. Qxa6 Qxa5 32. Qxa5 Rxa5 33. Bb6 Rad5 34. Bxd8 Bxd8 35. Bc4 Rd2 36. Kg2 Kf8 37. Rc3 f6 38. Rb3 g5 39. Rb7 Be7 40. Kf3 Rd4 41. Rc7 Ke8 42. Be6 Rd6 43. Bf5 Rd4 44. h3 Kf7 45. Bc2 Ke6 46. Bb3+ Kd6 47. Rc8 Rd3+ 48. Ke4 Rxb3 49. Kf5 Rf3+ 50. Kg6 Rxf2 51. Kxg7 Ke6 52. Rc6+ Bd6 53. Ra6 Rf3 54. h4 gxh4 55. gxh4 Rh3 56. Ra4 Kf5 57. Kh6 e4 58. Ra5+ Be5 59. Kh5 e3 60. Ra2 Kf4 61. Ra4+ Kf3 62. Ra3 Kf2 63. Ra2+ e2 64. Kg4 Rh2 65. h5 Kf1 66. Ra1+ Bxa1 67. Kf5 e1=Q 68. Kg6 Qe8+ 69. Kg7 f5+ 0-1

[Event "GBR-ch110 Major Open"]
[Site "Hull"]
[Date "2024.08.01"]
[Round "6.52"]
[White "Ewart, Thomas"]
[Black "McLean, Rory R"]
[Result "1/2-1/2"]
[WhiteElo "1550"]
[BlackElo "1768"]
[PlyCount "95"]
[EventDate "2024.07.27"]
[EventType "swiss"]
[EventRounds "9"]
[EventCountry "GBR"]
[SourceTitle "BritBase"]
[Source "John Saunders"]
[SourceDate "2025.02.20"]
[SourceVersion "1"]
[SourceVersionDate "2025.02.20"]
[SourceQuality "1"]

1. e4 e6 2. d4 d5 3. exd5 exd5 4. Bd3 c5 5. c3 Nc6 6. Bb5 Nf6 7. Bg5 Be7 8. Nf3 O-O 9. Bxc6 bxc6 10. Ne5 Qb6 11. Qb3 Qc7 12. O-O Bd6 13. Nf3 Bg4 14. Nbd2 Ne4 15. h3 Rfb8 16. Qc2 Bf5 17. Qc1 h6 18. Be3 c4 19. b3 Nxd2 20. Nxd2 Bd3 21. Re1 f5 22. Nf3 cxb3 23. axb3 Rxb3 24. Bd2 Rab8 25. Qd1 Be4 26. Ne5 c5 27. f3 Bxe5 28. dxe5 Bd3 29. Bxh6 Rxc3 30. Bd2 Rcb3 31. e6 Qe7 32. Re5 Rb1 33. Rxb1 Rxb1 34. Bc1 c4 35. Qd2 d4 36. Kh2 Qd6 37. f4 Rb8 38. e7 Re8 39. Qf2 Rxe7 40. Rxe7 Qxe7 41. Qxd4 Qc7 42. Qe3 Be4 43. g4 g5 44. Kg3 gxf4+ 45. Qxf4 Qxf4+ 46. Kxf4 fxg4 47. Kxe4 gxh3 48. Bf4 1/2-1/2

[Event "GBR-ch110 Major Open"]
[Site "Hull"]
[Date "2024.08.01"]
[Round "6.53"]
[White "Sui, Yueyue"]
[Black "Swiatkowski, Dominik"]
[Result "1/2-1/2"]
[WhiteElo "1749"]
[BlackElo "1523"]
[PlyCount "73"]
[EventDate "2024.07.27"]
[EventType "swiss"]
[EventRounds "9"]
[EventCountry "GBR"]
[SourceTitle "BritBase"]
[Source "John Saunders"]
[SourceDate "2025.02.20"]
[SourceVersion "1"]
[SourceVersionDate "2025.02.20"]
[SourceQuality "1"]

1. d4 Nf6 2. c4 e6 3. Nc3 Bb4 4. Qc2 O-O 5. e4 d5 6. e5 Ne4 7. Bd3 c5 8. a3 Bxc3+ 9. bxc3 Nc6 10. f3 Qh4+ 11. g3 Nxg3 12. Qf2 Nf5 13. Bxf5 Qxf2+ 14. Kxf2 exf5 15. cxd5 Ne7 16. c4 cxd4 17. Bg5 Ng6 18. Rd1 h6 19. Bd2 Nxe5 20. Bb4 Rd8 21. Rxd4 b6 22. f4 Nc6 23. Rd2 Nxb4 24. axb4 Ba6 25. b5 Bb7 26. Nf3 Rac8 27. Rd4 a6 28. Rb1 a5 29. Ra1 Kf8 30. Ne5 f6 31. Ng6+ Kf7 32. Nh4 g6 33. Ng2 Re8 34. Ne3 Re4 35. Rxe4 fxe4 36. h4 h5 37. Ra2 1/2-1/2

[Event "GBR-ch110 Major Open"]
[Site "Hull"]
[Date "2024.08.01"]
[Round "6.55"]
[White "Ba, Amy"]
[Black "Storey, Cameron"]
[Result "0-1"]
[WhiteElo "1471"]
[BlackElo "1860"]
[PlyCount "90"]
[EventDate "2024.07.27"]
[EventType "swiss"]
[EventRounds "9"]
[EventCountry "GBR"]
[SourceTitle "BritBase"]
[Source "John Saunders"]
[SourceDate "2025.02.20"]
[SourceVersion "1"]
[SourceVersionDate "2025.02.20"]
[SourceQuality "1"]

1. e4 e5 2. Nf3 Nc6 3. d4 exd4 4. Nxd4 Qh4 5. Nc3 Bb4 6. Be2 Qxe4 7. Ndb5 Bxc3+ 8. bxc3 Kd8 9. O-O a6 10. Nd4 Nxd4 11. cxd4 Nf6 12. Bg5 Re8 13. Bxf6+ gxf6 14. Bf3 Qg6 15. c3 d6 16. Re1 Rxe1+ 17. Qxe1 c6 18. Qe3 Bd7 19. d5 c5 20. Qf4 Kc7 21. Be4 f5 22. Bf3 Re8 23. Qd2 Qf6 24. Rb1 Qe5 25. c4 f4 26. Kf1 b6 27. Re1 Qxe1+ 28. Qxe1 Rxe1+ 29. Kxe1 Bf5 30. Kd2 b5 31. Be2 b4 32. Bd1 Kd7 33. g3 fxg3 34. hxg3 Ke7 35. f4 a5 36. Kc1 Bd3 37. Bb3 a4 38. Bxa4 Bxc4 39. Bb3 Bxb3 40. axb3 Kf6 41. Kd2 Kf5 42. Ke3 Kg4 43. Kf2 f5 44. Kg2 c4 45. bxc4 b3 0-1

[Event "GBR-ch110 Major Open"]
[Site "Hull"]
[Date "2024.08.01"]
[Round "6.56"]
[White "Van Uytvange, Jonas"]
[Black "Borissow, Alastair"]
[Result "0-1"]
[WhiteElo "1685"]
[BlackElo "1532"]
[PlyCount "78"]
[EventDate "2024.07.27"]
[EventType "swiss"]
[EventRounds "9"]
[EventCountry "GBR"]
[SourceTitle "BritBase"]
[Source "John Saunders"]
[SourceDate "2025.02.20"]
[SourceVersion "1"]
[SourceVersionDate "2025.02.20"]
[SourceQuality "1"]

1. e4 c6 2. d4 d5 3. exd5 cxd5 4. Bd3 Nf6 5. Bf4 e6 6. Nf3 Bd6 7. Bxd6 Qxd6 8. O-O Nc6 9. c3 O-O 10. Nbd2 Re8 11. Re1 e5 12. dxe5 Nxe5 13. Nxe5 Rxe5 14. Qc2 Rh5 15. Nf1 Be6 16. Be2 Rh6 17. Bf3 Rc8 18. Qd2 Bg4 19. Re3 Bxf3 20. Rxf3 Re8 21. Re1 Re6 22. Rfe3 Rg6 23. Rxe6 fxe6 24. Qe3 Ng4 25. Qxa7 Qc6 26. Qb8+ Kf7 27. Qf4+ Ke7 28. h3 Nf6 29. Ng3 Qb6 30. Nf5+ Kd7 31. Nxg7 Ne4 32. Qf7+ Kc6 33. Qe8+ Kc7 34. Qe7+ Kb8 35. Qe8+ Ka7 36. Qa4+ Kb8 37. Qe8+ Ka7 38. Qa4+ Kb8 39. Rxe4 dxe4 0-1

[Event "GBR-ch110 Major Open"]
[Site "Hull"]
[Date "2024.08.01"]
[Round "6.58"]
[White "Robertson, Jim"]
[Black "Kulibaev, Richard"]
[Result "1/2-1/2"]
[WhiteElo "1686"]
[BlackElo "1213"]
[PlyCount "47"]
[EventDate "2024.07.27"]
[EventType "swiss"]
[EventRounds "9"]
[EventCountry "GBR"]
[SourceTitle "BritBase"]
[Source "John Saunders"]
[SourceDate "2025.02.20"]
[SourceVersion "1"]
[SourceVersionDate "2025.02.20"]
[SourceQuality "1"]

1. g3 e5 2. Bg2 d5 3. d3 Nf6 4. a3 Nc6 5. Nd2 Bf5 6. e3 Bc5 7. Ne2 O-O 8. b4 Bb6 9. h3 e4 10. d4 a6 11. g4 Bd7 12. Ng3 Ne7 13. g5 Ne8 14. c4 c6 15. h4 Bc7 16. f4 exf3 17. Qxf3 Qb8 18. Ndf1 f5 19. Ne2 dxc4 20. a4 a5 21. bxa5 Bxa5+ 22. Bd2 Nd5 23. Ra3 Nb4 24. Kd1 1/2-1/2

[Event "GBR-ch110 Major Open"]
[Site "Hull"]
[Date "2024.08.02"]
[Round "7.1"]
[White "Nicholas, Koichi B"]
[Black "Fava, Lorenzo"]
[Result "0-1"]
[WhiteElo "2097"]
[BlackElo "2161"]
[PlyCount "56"]
[EventDate "2024.07.27"]
[EventType "swiss"]
[EventRounds "9"]
[EventCountry "GBR"]
[SourceTitle "BritBase"]
[Source "John Saunders"]
[SourceDate "2025.02.20"]
[SourceVersion "1"]
[SourceVersionDate "2025.02.20"]
[SourceQuality "1"]

1. e4 e6 2. d4 d5 3. Nc3 dxe4 4. Nxe4 Nd7 5. Nf3 Ngf6 6. Bg5 Be7 7. Bxf6 Nxf6 8. Nxf6+ Bxf6 9. Bd3 O-O 10. h4 c5 11. Qe2 cxd4 12. O-O-O Re8 13. Bxh7+ Kxh7 14. Ng5+ Kg8 15. Qh5 Qc7 16. Rd3 e5 17. Rf3 d3 18. Qh7+ Kf8 19. Qxd3 Be6 20. Qa3+ Kg8 21. Ne4 Be7 22. Qe3 Rac8 23. c3 Qb6 24. Qd2 Red8 25. Qc2 Bd5 26. Rg3 Bxe4 27. Qxe4 Qxf2 28. Qg4 Qf4+ 0-1

[Event "GBR-ch110 Major Open"]
[Site "Hull"]
[Date "2024.08.02"]
[Round "7.2"]
[White "Harborne, Matthew J"]
[Black "Yoon, Jacob D"]
[Result "1/2-1/2"]
[WhiteElo "2103"]
[BlackElo "2118"]
[PlyCount "81"]
[EventDate "2024.07.27"]
[EventType "swiss"]
[EventRounds "9"]
[EventCountry "GBR"]
[SourceTitle "BritBase"]
[Source "John Saunders"]
[SourceDate "2025.02.20"]
[SourceVersion "1"]
[SourceVersionDate "2025.02.20"]
[SourceQuality "1"]

1. e4 g6 2. d4 Bg7 3. Nc3 d6 4. f4 Nf6 5. Nf3 O-O 6. Be3 c6 7. Qd2 b5 8. a3 Nbd7 9. e5 Ne8 10. g4 Nb6 11. Qg2 dxe5 12. dxe5 Nc7 13. Nd4 Ncd5 14. Nxd5 Nxd5 15. Nxc6 Nxe3 16. Nxd8 Nxg2+ 17. Bxg2 Rxd8 18. Bxa8 Bxg4 19. Bg2 f6 20. h3 Bf5 21. Rd1 Rxd1+ 22. Kxd1 fxe5 23. fxe5 Bxe5 24. c3 Bd7 25. Bd5+ Kg7 26. Ke2 g5 27. Kf2 Kf6 28. Kg2 Bf4 29. Rd1 h6 30. Bf3 Bd6 31. Rd4 a5 32. c4 bxc4 33. Rxc4 e5 34. b4 axb4 35. axb4 Be8 36. Rc8 Ke7 37. Bc6 Bxc6+ 38. Rxc6 Bxb4 39. Rxh6 Bd2 40. Ra6 e4 41. Kf2 1/2-1/2

[Event "GBR-ch110 Major Open"]
[Site "Hull"]
[Date "2024.08.02"]
[Round "7.3"]
[White "Bharat Kumar, Balahari"]
[Black "Angst, Robin"]
[Result "1/2-1/2"]
[WhiteElo "1989"]
[BlackElo "2249"]
[PlyCount "53"]
[EventDate "2024.07.27"]
[EventType "swiss"]
[EventRounds "9"]
[EventCountry "GBR"]
[SourceTitle "BritBase"]
[Source "John Saunders"]
[SourceDate "2025.02.20"]
[SourceVersion "1"]
[SourceVersionDate "2025.02.20"]
[SourceQuality "1"]

1. d4 f5 2. g3 Nf6 3. Bg2 g6 4. c4 Bg7 5. Nc3 O-O 6. Nh3 d6 7. d5 Na6 8. Rb1 Nc5 9. Qc2 e5 10. dxe6 Nxe6 11. Nf4 c6 12. O-O Ng4 13. Nxe6 Bxe6 14. b3 Qe7 15. Bd2 Rad8 16. h3 Nf6 17. Rbd1 d5 18. cxd5 cxd5 19. Be3 Rc8 20. Qd3 Rfd8 21. Bd4 Ne4 22. Rc1 a6 23. e3 Nc5 24. Qd2 Ne4 25. Qd3 Nc5 26. Qd2 Ne4 27. Qd3 1/2-1/2

[Event "GBR-ch110 Major Open"]
[Site "Hull"]
[Date "2024.08.02"]
[Round "7.4"]
[White "Price, Gwilym T"]
[Black "Vaidyanathan, Adithya"]
[Result "1-0"]
[WhiteElo "2217"]
[BlackElo "1985"]
[PlyCount "83"]
[EventDate "2024.07.27"]
[EventType "swiss"]
[EventRounds "9"]
[EventCountry "GBR"]
[SourceTitle "BritBase"]
[Source "John Saunders"]
[SourceDate "2025.02.20"]
[SourceVersion "1"]
[SourceVersionDate "2025.02.20"]
[SourceQuality "1"]

1. e4 c5 2. Nf3 Nc6 3. Bb5 g6 4. O-O Bg7 5. c3 Nf6 6. Re1 O-O 7. d4 d5 8. e5 Ne4 9. Be3 cxd4 10. cxd4 Qb6 11. Bxc6 Qxc6 12. Nbd2 f6 13. Qb3 Be6 14. Rac1 Qd7 15. Qa3 f5 16. Bf4 h6 17. h4 b6 18. Red1 Rac8 19. Ne1 Qb7 20. f3 Nxd2 21. Bxd2 Rc4 22. Bb4 Kf7 23. b3 Rxc1 24. Rxc1 a5 25. Bd2 Rc8 26. Nd3 Bd7 27. Nf4 Rxc1+ 28. Qxc1 Qc8 29. Qxc8 Bxc8 30. Nxd5 b5 31. Bxa5 e6 32. Nc7 Bd7 33. Bb4 h5 34. f4 Bc6 35. Kf2 g5 36. hxg5 h4 37. Bd6 Bh8 38. Kg1 Kg6 39. Kh2 Kh5 40. Kh3 Be4 41. Nxb5 Bd3 42. Nc3 1-0

[Event "GBR-ch110 Major Open"]
[Site "Hull"]
[Date "2024.08.02"]
[Round "7.5"]
[White "Jaunooby, Ali Reza"]
[Black "Kumar, Sanjit S"]
[Result "1-0"]
[WhiteElo "2145"]
[BlackElo "1942"]
[PlyCount "87"]
[EventDate "2024.07.27"]
[EventType "swiss"]
[EventRounds "9"]
[EventCountry "GBR"]
[SourceTitle "BritBase"]
[Source "John Saunders"]
[SourceDate "2025.02.20"]
[SourceVersion "1"]
[SourceVersionDate "2025.02.20"]
[SourceQuality "1"]

1. d4 d5 2. Nf3 Nf6 3. c4 c6 4. Qc2 g6 5. Bf4 Bg7 6. h3 O-O 7. e3 Bf5 8. Qb3 Qb6 9. c5 Qa5+ 10. Nc3 b6 11. a3 bxc5 12. Qb7 Nbd7 13. Bc7 Nb6 14. Ne5 Bd7 15. Nxd7 Nfxd7 16. Qxc6 Rac8 17. Be2 Ne5 18. Qb7 Nec4 19. O-O e6 20. Bxc4 dxc4 21. Bd6 Rfd8 22. Bxc5 Rb8 23. Bb4 Rxb7 24. Bxa5 Rc8 25. Ne4 Bf8 26. Rfc1 Na4 27. b4 c3 28. Nc5 Bxc5 29. bxc5 Rb3 30. Kf1 e5 31. Rab1 Rxa3 32. Bb4 Ra2 33. Bxc3 Nxc3 34. Rxc3 exd4 35. exd4 Rd2 36. Rc4 Rc6 37. Ke1 Ra2 38. d5 Rc8 39. Rb3 Re8+ 40. Re3 Rb8 41. Rc1 Ra5 42. d6 Ra6 43. c6 Rc8 44. d7 1-0

[Event "GBR-ch110 Major Open"]
[Site "Hull"]
[Date "2024.08.02"]
[Round "7.6"]
[White "Ther, Mate"]
[Black "Liu, Jack"]
[Result "1/2-1/2"]
[WhiteElo "2001"]
[BlackElo "2098"]
[PlyCount "73"]
[EventDate "2024.07.27"]
[EventType "swiss"]
[EventRounds "9"]
[EventCountry "GBR"]
[SourceTitle "BritBase"]
[Source "John Saunders"]
[SourceDate "2025.02.20"]
[SourceVersion "1"]
[SourceVersionDate "2025.02.20"]
[SourceQuality "1"]

1. e4 c5 2. Nf3 e6 3. d4 cxd4 4. Nxd4 Nc6 5. Nc3 Qc7 6. f4 a6 7. Nxc6 bxc6 8. Qf3 d5 9. Bd3 Nf6 10. O-O Be7 11. Bd2 Bb7 12. Rae1 c5 13. e5 d4 14. Ne4 Nxe4 15. Bxe4 Bxe4 16. Rxe4 Qc6 17. f5 Rb8 18. f6 gxf6 19. exf6 Bd8 20. Rxe6+ Qxe6 21. Re1 Rb6 22. Qf5 Qxe1+ 23. Bxe1 Re6 24. Bh4 Bb6 25. Kf1 h6 26. Qd5 Rg8 27. h3 Rg6 28. Qa8+ Kd7 29. Qf8 Rgxf6+ 30. Bxf6 Rxf6+ 31. Ke2 c4 32. Qa8 Re6+ 33. Kf3 d3 34. Qd5+ Rd6 35. Qxf7+ Kd8 36. Qg8+ Kd7 37. Ke4 1/2-1/2

[Event "GBR-ch110 Major Open"]
[Site "Hull"]
[Date "2024.08.02"]
[Round "7.7"]
[White "Pert, Nina P"]
[Black "Pert, Max P"]
[Result "1/2-1/2"]
[WhiteElo "1966"]
[BlackElo "2034"]
[PlyCount "35"]
[EventDate "2024.07.27"]
[EventType "swiss"]
[EventRounds "9"]
[EventCountry "GBR"]
[SourceTitle "BritBase"]
[Source "John Saunders"]
[SourceDate "2025.02.20"]
[SourceVersion "1"]
[SourceVersionDate "2025.02.20"]
[SourceQuality "1"]

1. e4 c6 2. d4 d5 3. Nc3 dxe4 4. Nxe4 Nf6 5. Nxf6+ exf6 6. c3 Bf5 7. Bd3 Bxd3 8. Qxd3 Bd6 9. Ne2 O-O 10. O-O Qc7 11. Kh1 Nd7 12. Ng3 Rfe8 13. f4 c5 14. Nf5 Bf8 15. Qg3 Kh8 16. Be3 g6 17. Nh4 f5 18. Rae1 1/2-1/2

[Event "GBR-ch110 Major Open"]
[Site "Hull"]
[Date "2024.08.02"]
[Round "7.8"]
[White "Eames, Robert S"]
[Black "Roberts, David L"]
[Result "1-0"]
[WhiteElo "2148"]
[BlackElo "1963"]
[PlyCount "43"]
[EventDate "2024.07.27"]
[EventType "swiss"]
[EventRounds "9"]
[EventCountry "GBR"]
[SourceTitle "BritBase"]
[Source "John Saunders"]
[SourceDate "2025.02.20"]
[SourceVersion "1"]
[SourceVersionDate "2025.02.20"]
[SourceQuality "1"]

1. e4 e5 2. Nf3 Nc6 3. Bc4 Nf6 4. Ng5 d5 5. exd5 Na5 6. Bb5+ c6 7. dxc6 bxc6 8. Qf3 Rb8 9. Bd3 Be7 10. Nc3 O-O 11. Bf5 Rb4 12. d3 e4 13. Ncxe4 h6 14. h4 Re8 15. Bd2 Bxf5 16. Qxf5 Rb5 17. Qf3 Rxb2 18. Kd1 Nc4 19. Bc3 hxg5 20. hxg5 Bb4 21. Nxf6+ gxf6 22. Bxf6 1-0

[Event "GBR-ch110 Major Open"]
[Site "Hull"]
[Date "2024.08.02"]
[Round "7.9"]
[White "Dishman, Matthew"]
[Black "Stoica, Savas Marin"]
[Result "0-1"]
[WhiteElo "1936"]
[BlackElo "2107"]
[PlyCount "86"]
[EventDate "2024.07.27"]
[EventType "swiss"]
[EventRounds "9"]
[EventCountry "GBR"]
[SourceTitle "BritBase"]
[Source "John Saunders"]
[SourceDate "2025.02.20"]
[SourceVersion "1"]
[SourceVersionDate "2025.02.20"]
[SourceQuality "1"]

1. e4 c5 2. Nf3 e6 3. Be2 Nc6 4. O-O d6 5. c4 Nf6 6. Nc3 Be7 7. d4 cxd4 8. Nxd4 O-O 9. Be3 Bd7 10. Nc2 Rc8 11. f4 a6 12. b4 b5 13. cxb5 axb5 14. Qd3 d5 15. exd5 Nxb4 16. Nxb4 Bxb4 17. Nxb5 Nxd5 18. Bd4 Bxb5 19. Qxb5 Bc3 20. Rad1 Qc7 21. Kh1 Bxd4 22. Rxd4 Nc3 23. Qb2 Nxe2 24. Qxe2 Rfd8 25. Rxd8+ Rxd8 26. h3 h6 27. a4 Rd4 28. Qb5 Rd5 29. Qb4 Qa7 30. f5 exf5 31. Ra1 Ra5 32. Ra2 Kh7 33. Qc4 Rc5 34. Qf4 Qa5 35. Rf2 Re5 36. Rf1 g6 37. Qc4 Qa7 38. Ra1 Ra5 39. Kh2 Rc5 40. Qa2 Qc7+ 41. Kh1 Kg8 42. a5 Qc6 43. Qa4 Rc1+ 0-1

[Event "GBR-ch110 Major Open"]
[Site "Hull"]
[Date "2024.08.02"]
[Round "7.10"]
[White "Chan, Sheng Liang Bernard"]
[Black "Wills, Thomas"]
[Result "1-0"]
[WhiteElo "2096"]
[BlackElo "1927"]
[PlyCount "97"]
[EventDate "2024.07.27"]
[EventType "swiss"]
[EventRounds "9"]
[EventCountry "GBR"]
[SourceTitle "BritBase"]
[Source "John Saunders"]
[SourceDate "2025.02.20"]
[SourceVersion "1"]
[SourceVersionDate "2025.02.20"]
[SourceQuality "1"]

1. d4 d5 2. c4 c6 3. cxd5 cxd5 4. Bf4 Nc6 5. e3 Nf6 6. Nc3 a6 7. Bd3 Bg4 8. Nge2 Bh5 9. O-O Bg6 10. Na4 e6 11. Rc1 Nd7 12. Bxg6 hxg6 13. Qb3 Ra7 14. Rfd1 Be7 15. e4 Nf6 16. Nec3 O-O 17. exd5 Nxd5 18. Nxd5 Qxd5 19. Qxd5 exd5 20. Nb6 Bf6 21. Be3 Rd8 22. Rc5 Nb4 23. a3 Nc6 24. g4 Kf8 25. Nxd5 Be7 26. Nxe7 Nxe7 27. Rdc1 Nd5 28. Rc8 Ra8 29. Rxa8 Rxa8 30. Kg2 Ke7 31. Kf3 Ke6 32. Rc2 Rh8 33. Kg3 Rd8 34. h4 Rh8 35. Rc5 Kd6 36. Rc1 Re8 37. Kf3 Rh8 38. Kg3 Re8 39. Re1 Rc8 40. Re2 Rh8 41. Bd2 Rc8 42. h5 gxh5 43. gxh5 Rh8 44. Kh4 Nf6 45. Re5 g6 46. h6 Ng8 47. Re8 Kd7 48. Rb8 Ke6 49. Kg3 1-0

[Event "GBR-ch110 Major Open"]
[Site "Hull"]
[Date "2024.08.02"]
[Round "7.11"]
[White "Metcalfe, Charlie P"]
[Black "Kueh, Audrey"]
[Result "1/2-1/2"]
[WhiteElo "1898"]
[BlackElo "2058"]
[PlyCount "117"]
[EventDate "2024.07.27"]
[EventType "swiss"]
[EventRounds "9"]
[EventCountry "GBR"]
[SourceTitle "BritBase"]
[Source "John Saunders"]
[SourceDate "2025.02.20"]
[SourceVersion "1"]
[SourceVersionDate "2025.02.20"]
[SourceQuality "1"]

1. d4 d5 2. c4 e6 3. Nc3 a6 4. cxd5 exd5 5. Bf4 Nf6 6. e3 Bd6 7. Bg5 c6 8. Bd3 h6 9. Bh4 O-O 10. Qc2 Be6 11. Nge2 c5 12. dxc5 Bxc5 13. O-O Nc6 14. Bxf6 Qxf6 15. Nxd5 Bxd5 16. Qxc5 Rfd8 17. Nf4 Bxg2 18. Kxg2 Qg5+ 19. Qxg5 hxg5 20. Nh3 Rxd3 21. Nxg5 Rd2 22. b4 Nxb4 23. Rab1 Nd5 24. Kf3 b5 25. Rfd1 Rxd1 26. Rxd1 Nc3 27. Rd7 Nxa2 28. Rxf7 Rf8 29. Rxf8+ Kxf8 30. Ne6+ Kf7 31. Nc5 a5 32. Ke4 Nc1 33. Nb7 a4 34. Nd6+ Kf6 35. Nxb5 Nb3 36. Kd5 Nd2 37. Na3 Kf5 38. h3 g5 39. Nb5 Nb1 40. Nd4+ Kf6 41. Kc4 a3 42. Kd3 a2 43. Nb3 Ke5 44. f3 Na3 45. Kc3 Kd5 46. e4+ Ke5 47. Kb2 Nc4+ 48. Kxa2 Kf4 49. Nd4 Ke3 50. Ne6 Kxf3 51. Nxg5+ Kf4 52. h4 Nd6 53. h5 Kxg5 54. e5 Ne8 55. Kb3 Kxh5 56. Kc4 Kg6 57. e6 Kf6 58. Kd5 Nc7+ 59. Ke4 1/2-1/2

[Event "GBR-ch110 Major Open"]
[Site "Hull"]
[Date "2024.08.02"]
[Round "7.12"]
[White "McCarthy, Damian M"]
[Black "Honey, Luke"]
[Result "1/2-1/2"]
[WhiteElo "1880"]
[BlackElo "2041"]
[PlyCount "65"]
[EventDate "2024.07.27"]
[EventType "swiss"]
[EventRounds "9"]
[EventCountry "GBR"]
[SourceTitle "BritBase"]
[Source "John Saunders"]
[SourceDate "2025.02.20"]
[SourceVersion "1"]
[SourceVersionDate "2025.02.20"]
[SourceQuality "1"]

1. e4 c5 2. Nf3 Nf6 3. Nc3 d5 4. exd5 Nxd5 5. Bb5+ Bd7 6. Bxd7+ Qxd7 7. O-O Nc6 8. Nxd5 Qxd5 9. d3 e6 10. b3 Be7 11. Bb2 Bf6 12. Bxf6 gxf6 13. c4 Qd6 14. Qe2 O-O-O 15. Rfd1 Rhg8 16. a3 Rg7 17. b4 Rdg8 18. g3 Rg4 19. bxc5 Qxc5 20. Rab1 Nd4 21. Nxd4 Rxd4 22. Qf3 Qc7 23. Qxf6 Rf4 24. Qb2 h5 25. d4 h4 26. Rd3 hxg3 27. hxg3 Rh4 28. Qb5 a6 29. Qc5 Qxc5 30. dxc5 Rxc4 31. Rdb3 Rxc5 32. Rxb7 Rg7 33. Ra7 1/2-1/2

[Event "GBR-ch110 Major Open"]
[Site "Hull"]
[Date "2024.08.02"]
[Round "7.13"]
[White "Shaw, Peter"]
[Black "Howell, Oliver W"]
[Result "0-1"]
[WhiteElo "2041"]
[BlackElo "1910"]
[PlyCount "26"]
[EventDate "2024.07.27"]
[EventType "swiss"]
[EventRounds "9"]
[EventCountry "GBR"]
[SourceTitle "BritBase"]
[Source "John Saunders"]
[SourceDate "2025.02.20"]
[SourceVersion "1"]
[SourceVersionDate "2025.02.20"]
[SourceQuality "1"]

1. d4 d5 2. c4 c6 3. Nf3 Nf6 4. Qc2 Bg4 5. Ne5 Bh5 6. cxd5 Qxd5 7. e3 e6 8. Nc3 Qa5 9. Bd2 Nbd7 10. Nxd7 Nxd7 11. e4 Bg6 12. Be2 Be7 13. Nd5 Qxd5 0-1